000 00290nam a22001217a 4500
020 _aMACL
082 _a920/MAN
100 _aMANDAL ABHIJIT
_983522
245 _aSYAMA PRASAD MOOKERJEE
_bTHE LION OF PARLIAMENT
260 _aNEW DELHI
_bHAWK PRESS
_c2022
650 _aBIOGRAPHY
942 _cBK
999 _c68467
_d68467